000 00551nam a2200181Ia 4500
003 OSt
005 20260128115223.0
008 210210b xxu||||| |||| 00| 0 eng d
040 _cAL
041 _aKannada
082 _a853/566
100 _aSUNDARA SHARMA PANSHYAM
_9162193
_dಸುಂದರ ಶರ್ಮಾ ಪಾನ್ಶ್ಯಾಂ
245 _aKarnataka pancharatra Nataka:
_bಕರ್ಣಾಟಕ ಪಂಚರಾತ್ರ ನಾಟಕ
260 _aMangaluru
_b-
690 _aKannada Drama
_9162195
906 _a019836
942 _2ddc
_cBK
999 _c143986
_d143986